000 01092nam a22003257a 4500
003 CHAP
005 20220329135901.0
008 971013s1966 r 00010 d
010 _a43764
011 _a44736
035 _a48874
040 _cCHAP
090 _aTesis
100 0 0 _aFunes Tirado, Alfonso.
_944038
245 _aProyecto reestructural de organización y funcionamiento del Departamento de Promoción y Divulgación Agrícola de la E.N.A.
260 _aChapingo, Méx. :
_bEl autor,
_c1966
300 _a115 h.
_b: ilus.
502 _aTesis (Ing. Agr. Esp. en Fitotecnia) -- ENA.
590 _aALEPH
_b10
_c20130110
_lUCH01
_h1312
590 _aBATCH-UPD
_b10
_c20130110
_lUCH01
_h2256
590 _aBATCH-UPD
_b10
_c20130410
_lUCH01
_h1549
590 _aBATCH-UPD
_b10
_c20130914
_lUCH01
_h1338
590 _aCONVERSION
_b10
_c20130109
_lUCH01
_h1324
650 1 4 _aENA
_936670
650 1 4 _aExtensión agrícola
_xMéxico (Edo.)
_939174
901 _aBK
942 _cFOLL
949 _bBC
_cTES
_d-110463
_eTS1
_i48874
_si
949 _bBC
_cTES
_d33724000667499
_eTS2
_fc.2
_i48874
_si
999 _c43764
_d43764